Ready reckoner for ICAR-AIEEA (UG): All India Entrance Exam for Admission in Agriculture, Horticulture, Forestry Fisheries, Community Science, Sericulture, Biotechnology, Agriculture Engineering, Dairy technology and Food technology. Rev Ed 2 (Record no. 75102)

MARC details
000 -LEADER
fixed length control field 00619nam a22001337a 4500
020 ## - INTERNATIONAL STANDARD BOOK NUMBER
ISBN 978-93-5461-428-6
082 ## - DEWEY DECIMAL CLASSIFICATION NUMBER
Classification number 06.067(079)ICA
Item number SHA
100 ## - MAIN ENTRY--AUTHOR NAME
Personal name SHARMA, Rakesh Kumar
-- CHAVAN,U.D.
245 ## - TITLE STATEMENT
Title Ready reckoner for ICAR-AIEEA (UG): All India Entrance Exam for Admission in Agriculture, Horticulture, Forestry Fisheries, Community Science, Sericulture, Biotechnology, Agriculture Engineering, Dairy technology and Food technology. Rev Ed 2
260 ## - PUBLICATION, DISTRIBUTION, ETC. (IMPRINT)
Place of publication New Delhi
Name of publisher Astral International
Year of publication 2023
300 ## - PHYSICAL DESCRIPTION
Number of Pages 835p.
650 ## - SUBJECT ADDED ENTRY--TOPICAL TERM
Topical Term ICAR Entrance Exam
-- All India Entrance Exam for Admission
-- AIEEA UG Exam
942 ## - ADDED ENTRY ELEMENTS (KOHA)
Koha item type Books
Holdings
Withdrawn status Lost status Damaged status Not for loan Home library Current library Date acquired Source of acquisition Full call number Accession Number Koha item type
        RRII Library RRII Library 09/10/2023 Technical Bureau India, Delhi, Inv No TB1891 dtd 26.09.2023 for RS 18320 06.067(079)ICA SHA 23608 Books